000 00429nam a2200157Ia 4500
008 221030s9999 xx 000 0 und d
041 _aEnglish
082 _a105.23
_bKum
100 _aS. Kumar
245 0 _aPractical Assignments in Manufacturing Engineering
_cby S. Kumar, A. A. Bahashawan
260 _bDhanpat Rai Pub
_aNew Delhi
_c2000
300 _a236
650 _aMechanical
700 _aA. A. Bahashawan
942 _cBK
999 _c6952
_d6952